书目信息 |
| 题名: |
应用美学
|
|
| 作者: | 何林 著 | |
| 分册: | ||
| 出版信息: | 沈阳 辽海出版社 2000 |
|
| 页数: | 269页 | |
| 开本: | 21cm | |
| 丛书名: | ||
| 单 册: | ||
| 中图分类: | B83-49 | |
| 科图分类: | ||
| 主题词: | 美学--mei xue--通俗读物 | |
| 电子资源: | ||
| ISBN: | 7-80649-284-4 | |
| 000 | 00773nam0 2200229 45 | |
| 001 | CAL 012001221123 | |
| 005 | 20031219104055.4 | |
| 010 | @a7-80649-284-4@dCNY13.00 | |
| 100 | @a20001017d2000 ekmy0chiy0121 ea | |
| 101 | 0 | @achi |
| 102 | @aCN@b210000 | |
| 105 | @ay z 000yy | |
| 106 | @ar | |
| 200 | 1 | @a应用美学@Aying yong mei xue@f何林著 |
| 210 | @a沈阳@c辽海出版社@d2000 | |
| 215 | @a269页@d21cm | |
| 330 | @a本书内容分为美学基础、科技美学、生活美学、景观美学、艺术美学等五大部分,介绍了美学在日常生活、科学技术、城市、园林建设等方面的应用,对普及美学知识及提高人们的美学素养均具有重要的参考价值。 | |
| 606 | 0 | @a美学@Amei xue@j通俗读物 |
| 690 | @aB83-49@v4 | |
| 701 | 0 | @a何林@Ahe lin@4著 |
| 801 | @aCN@bTSTC@c20020513 | |
| 905 | @b310225-229@dB83-49@e158@f5 | |
| 应用美学/何林著.-沈阳:辽海出版社,2000 |
| 269页;21cm |
| ISBN 7-80649-284-4:CNY13.00 |
| 本书内容分为美学基础、科技美学、生活美学、景观美学、艺术美学等五大部分,介绍了美学在日常生活、科学技术、城市、园林建设等方面的应用,对普及美学知识及提高人们的美学素养均具有重要的参考价值。 |
| ● |
| 相关链接 |
|
|
|
|
正题名:应用美学
索取号:B83-49/158
 
预约/预借
| 序号 | 登录号 | 条形码 | 馆藏地/架位号 | 状态 | 备注 |
| 1 | 0310225 | 203102258 | 教育系资料室/ [索取号:B83-49/158] | 在馆 | |
| 2 | 0310226 | 203102267 | 第一借阅区/ [索取号:B83-49/158] | 在馆 | |
| 3 | 0310227 | 203102276 | 第一借阅区/ [索取号:B83-49/158] | 在馆 | |
| 4 | 0310228 | 203102285 | 教育系资料室/ [索取号:B83-49/158] | 在馆 | |
| 5 | 0310229 | 203102294 | 第一样本阅览室/ [索取号:B83-49/158] | 在馆 | |
| 6 | 0314465 | 203144659 | 密集书库/ [索取号:B83-49/158] | 在馆 | |
| 7 | 0314466 | 203144668 | 密集书库/ [索取号:B83-49/158] | 在馆 | |
| 8 | 0314467 | 203144677 | 密集书库/ [索取号:B83-49/158] | 在馆 | |
| 9 | 0314468 | 203144686 | 密集书库/ [索取号:B83-49/158] | 在馆 | |
| 10 | 0314469 | 203144695 | 第一借阅区/ [索取号:B83-49/158] | 在馆 |